| 000 | nam a22 7a 4500 | ||
|---|---|---|---|
| 999 |
_c331845 _d331845 |
||
| 003 | NUST | ||
| 005 | 20171030124144.0 | ||
| 008 | 171030b xxu||||| |||| 00| 0 eng d | ||
| 020 | _a9698141103 | ||
| 040 | _c0 | ||
| 082 | _a628 PAK | ||
| 245 |
_aWhere we are,where we should be and how to get there: _ba concise and popular version of the pakistan national conservation strategy |
||
| 260 |
_aKarachi _bPNCS _c1995 |
||
| 300 | _a51p. | ||
| 500 | _aP.B | ||
| 942 |
_2ddc _cBK _kIESE |
||